| 000 | 00841nam a2200229 a 4500 | ||
|---|---|---|---|
| 001 | 49140 | ||
| 003 | BD-RjUL | ||
| 005 | 20211209054635.0 | ||
| 008 | 160817s2004 BG a|||| |||| 00| 0 ben d | ||
| 020 | _c:TK. 175.00 | ||
| 035 | _a(BD-RjUL)49259 | ||
| 040 |
_aBD-RjUL _bben _cBD-RjUL |
||
| 041 | _aben | ||
| 082 |
_223 _a891.44308 _bSHO 2004 |
||
| 245 | 0 | 0 |
_aষোড়শ পাতায় বসতি / _cসম্পাদনায় ফজলুল হক |
| 260 |
_aরাজশাহী : _bস্বাগতম নস্কার, _c২০০৪ |
||
| 300 |
_a২৯৬ পৃ. ; _c২১ সেমি. |
||
| 650 |
_aবাংলা উপন্যাস _9147674 _xসংগ্রহ |
||
| 650 |
_aBengali Fiction _9147702 _xCollection |
||
| 700 |
_aহক, ফজলুল, সম্পাদক _9145729 |
||
| 942 |
_2ddc _cBK |
||
| 999 |
_c49140 _d49140 |
||